Loading...
| History - European | 0 | 8 | 1 | 0 | 75 | 26 | 71.63 | 4 | 7 | 32.05 | 57.58 |
| History - Other | 0 | 7 | 2 | 1 | 60 | 75 | 91.86 | 1 | 5 | 17.61 | 43.94 |
| History - World | 0 | 5 | 1 | 0 | 45 | 34 | 51.60 | 2 | 5 | 27.06 | 37.88 |
| Fine Arts - Painting and Sculpture | 0 | 3 | 0 | 0 | 30 | 35 | 69.00 | 2 | 2 | 12.54 | 18.18 |
| Science - Other | 0 | 4 | 3 | 3 | 25 | 28 | 85.75 | 1 | 2 | 9.20 | 15.15 |
| Religion | 0 | 2 | 0 | 0 | 20 | 68 | 79.00 | 0 | 2 | 5.66 | 14.85 |
| Social Science | 0 | 3 | 2 | 0 | 20 | 70 | 73.33 | 0 | 2 | 7.75 | 14.55 |
| History - American | 0 | 3 | 3 | 0 | 15 | 77 | 90.67 | 1 | 3 | 8.03 | 22.73 |
| Literature - World | 0 | 1 | 0 | 0 | 10 | 96 | 96.00 | 0 | 1 | 3.35 | 6.06 |
| Literature - American | 0 | 1 | 0 | 0 | 10 | 131 | 131.00 | 0 | 0 | 0.58 | 3.03 |
| Current Events | 0 | 1 | 0 | 0 | 10 | 51 | 51.00 | 0 | 1 | 30.08 | 30.00 |
| Other Academic | 0 | 1 | 0 | 1 | 10 | 112 | 112.00 | 0 | 0 | 1.42 | 5.56 |
| Philosophy | 0 | 1 | 0 | 0 | 10 | 100 | 100.00 | 0 | 1 | 0.90 | 4.55 |
| Popular Culture | 0 | 1 | 0 | 0 | 10 | 73 | 73.00 | 0 | 1 | 11.78 | 16.67 |
| Science - Chemistry | 0 | 1 | 0 | 1 | 10 | 122 | 122.00 | 0 | 0 | 0.00 | 1.52 |
| Science - Physics | 0 | 1 | 0 | 1 | 10 | 128 | 128.00 | 0 | 0 | 0.00 | 1.52 |
| Science - Biology | 0 | 1 | 1 | 0 | 5 | 107 | 107.00 | 0 | 0 | 0.56 | 3.64 |
| Geography | 0 | 1 | 1 | 0 | 5 | 19 | 19.00 | 1 | 1 | 42.34 | 50.00 |
| Mythology | 0 | 1 | 2 | 0 | 0 | 61 | 61.00 | 0 | 1 | 5.04 | 4.55 |
| Fine Arts - Classical Music | 0 | 0 | 1 | 0 | -5 | 0.00 | 0 | 0 | 0.00 | 0.00 | |
| Fine Arts - Other | 0 | 0 | 1 | 0 | -5 | 0.00 | 0 | 0 | 0.00 | 0.00 |